000 00555nam a22001937a 4500
003 OSt
005 20260618114213.0
008 260618b |||||||| |||| 00| 0 eng d
020 _a9781557999627
040 _cChuka University Library
050 _aLB 1585
_b.T35 2004
100 _aMoor Evan
_930049
245 _aTake It To Your Seat Science Centers Grade 3-4
260 _aU.S.A
_bEducational Publishers
_c2004
300 _a182.p
650 _aScience Study And Teaching
_920578
650 _aScience Activity Programs
_930050
942 _2lcc
_cBK
_n0
999 _c24717
_d24717